00700 2200241 4500001002100000005001500021035002000036007000300056008004100059020002200100082001200122084001800134100002600152245009100178250001000269260004400279300002800323650003500351700002100386504002900407990001100436990001100447INLIS00000000000678320210302022549 a0010-0321000153ta210302 g 0 ind  a978-602-1683-39-2 a297.913 a297.913 ACH f0 aACHMAD, Zaeni Dachlan1 aFatimah Az-Zahra :bIbu Bagi Bapaknya /cAchmad Zaeni Dachlan; editor, Ahmad Hamdan Q. acet.1 aSukmajaya :bFathan Media Prima,c[s.a] avii, 168 hal. ;c24 cm. 4aISLAM. ISTRI NABI MUHAMMAD SAW0 aAHMAD, Hamdan Q. aBibliografi : hal167-168 a7967 a a7967 b